[Event "Goch op 23rd"]
[Site "Goch"]
[Date "2012.09.02"]
[Round "6"]
[White "Bieker, Peter"]
[Black "Boy, Robin"]
[Result "1-0"]
[WhiteElo "1500"]
[BlackElo "1526"]
[PlyCount "61"]
[EventDate "2012.08.30"]
[EventType "swiss"]
[EventRounds "7"]
[EventCountry "GER"]
[SourceTitle "EXT 2015"]
[Source "ChessBase"]
[SourceDate "2014.11.20"]
[SourceVersion "1"]
[SourceVersionDate "2014.11.20"]
[SourceQuality "1"]

1. d4 Nf6 2. Bf4 e6 3. e3 c5 4. c3 Nc6 5. Bd3 d5 6. Nf3 c4 7. Bc2 h6 8. Nbd2 b5 9. 0-0 Nh5 10. Bg3 Nxg3 11. hxg3 Bd6 12. Re1 Bb7 13. e4 dxe4 14. Nxe4 Ne7 15. Nxd6+ Qxd6 16. Ne5 h5 17. Be4 Bxe4 18. Rxe4 g5 19. Qf3 f5 20. Re2 Nd5 21. Ree1 g4 22. Qe2 Rh6 23. Qd2 Qf8 24. Qg5 Qf6 25. Qg8+ Qf8 26. Qg5 Ne7 27. a4 bxa4 28. Rxa4 Qf6 29. Qxf6 Rxf6 30. Nxc4 Kd8 31. Ra6 1-0

[Event "Goch op 23rd"]
[Site "Goch"]
[Date "2012.09.02"]
[Round "7"]
[White "Melde, Benjamin"]
[Black "Boy, Robin"]
[Result "0-1"]
[WhiteElo "1147"]
[BlackElo "1526"]
[PlyCount "80"]
[EventDate "2012.08.30"]
[EventType "swiss"]
[EventRounds "7"]
[EventCountry "GER"]
[SourceTitle "EXT 2015"]
[Source "ChessBase"]
[SourceDate "2014.11.20"]
[SourceVersion "1"]
[SourceVersionDate "2014.11.20"]
[SourceQuality "1"]

1. e4 c5 2. Nf3 Nc6 3. d4 cxd4 4. Nxd4 e5 5. Nxc6 dxc6 6. Qxd8+ Kxd8 7. Bc4 f6 8. 0-0 Bc5 9. Rd1+ Kc7 10. c3 Bg4 11. Rd3 b5 12. Bxg8 Rhxg8 13. h3 Be6 14. Be3 Bc4 15. Rd1 Bxe3 16. fxe3 Rad8 17. Rxd8 Rxd8 18. b3 Rd1+ 19. Kf2 Bd3 20. c4 Rf1+ 21. Kg3 Rxb1 22. Rxb1 Bxb1 23. a4 bxa4 24. bxa4 Kb6 25. Kf2 Kc5 26. g4 Kxc4 27. Ke2 Kc3 28. a5 Bc2 29. h4 g5 30. hxg5 fxg5 31. a6 c5 32. Kf3 Kd2 33. Kf2 Bxe4 34. Kf1 c4 35. Kf2 c3 36. Kg3 Kxe3 37. Kh2 c2 38. Kg3 c1Q 39. Kh3 Qh1+ 40. Kg3 Qg2# 0-1

[Event "Goch op 23rd"]
[Site "Goch"]
[Date "2012.08.31"]
[Round "3"]
[White "Boy, Robin"]
[Black "Biessner, Eberhard"]
[Result "0-1"]
[WhiteElo "1526"]
[BlackElo "1929"]
[PlyCount "64"]
[EventDate "2012.08.30"]
[EventType "swiss"]
[EventRounds "7"]
[EventCountry "GER"]
[SourceTitle "EXT 2015"]
[Source "ChessBase"]
[SourceDate "2014.11.20"]
[SourceVersion "1"]
[SourceVersionDate "2014.11.20"]
[SourceQuality "1"]

1. d4 Nf6 2. c4 e6 3. a3 c5 4. Nf3 b6 5. Nc3 Bb7 6. e3 Na6 7. Bd3 Nc7 8. b3 g6 9. Bb2 Bg7 10. dxc5 bxc5 11. Qe2 Qe7 12. 0-0 0-0 13. Rfd1 d6 14. Ng5 d5 15. cxd5 Nfxd5 16. Nge4 f5 17. Nxd5 exd5 18. Bxg7 Kxg7 19. Ng3 a5 20. Rac1 Ne6 21. a4 Kg8 22. Bb5 h5 23. Qc2 Rac8 24. Ne2 h4 25. Qd2 h3 26. g3 Ng5 27. Qxa5 Nf3+ 28. Kh1 d4 29. Bc4+ Kg7 30. Nf4 Ng5+ 31. Bd5 Bxd5+ 32. Nxd5 Qe4+ 0-1